[Event "Titled Tuesday intern op 14th July"]
[Site "Chess.com INT"]
[Date "2020.07.14"]
[Round "6"]
[White "Diaz, Conrado"]
[Black "Timofeev, Artyom"]
[Result "0-1"]
[WhiteElo "2273"]
[BlackElo "2580"]
[PlyCount "70"]
[EventDate "2020.07.14"]
[EventType "swiss (blitz)"]
[EventRounds "10"]
[EventCountry "USA"]
[SourceTitle "CBM 197 Extra"]
[Source "ChessBase"]
[SourceDate "2020.09.30"]
[SourceVersion "1"]
[SourceVersionDate "2020.09.30"]
[SourceQuality "1"]

1. d4 d5 2. Nf3 Nf6 3. Bf4 e6 4. e3 b6 5. Nbd2 Bb7 6. Bd3 Bd6 7. Ne5 Ne4 8. 0-0 0-0 9. Qe2 f6 10. Nef3 Qe7 11. Bxd6 Qxd6 12. c3 a5 13. Rad1 Nd7 14. Bb5 c6 15. Bd3 f5 16. Ne1 c5 17. f3 Nxd2 18. Qxd2 Nf6 19. f4 Ba6 20. Nf3 Ne4 21. Qe2 Bxd3 22. Qxd3 c4 23. Qc2 b5 24. Nd2 Nf6 25. b3 Rfc8 26. bxc4 dxc4 27. Rb1 Nd5 28. Rfe1 b4 29. cxb4 c3 30. Nb3 Nxb4 31. Qe2 Qd5 32. Rbc1 Nxa2 33. Qxa2 a4 34. Rb1 c2 35. Rbc1 axb3 0-1

[Event "Titled Tuesday intern op 14th July"]
[Site "Chess.com INT"]
[Date "2020.07.14"]
[Round "8"]
[White "Diaz Camallonga, Carles"]
[Black "Diaz, Conrado"]
[Result "1-0"]
[WhiteElo "2467"]
[BlackElo "2273"]
[PlyCount "123"]
[EventDate "2020.07.14"]
[EventType "swiss (blitz)"]
[EventRounds "10"]
[EventCountry "USA"]
[SourceTitle "CBM 197 Extra"]
[Source "ChessBase"]
[SourceDate "2020.09.30"]
[SourceVersion "1"]
[SourceVersionDate "2020.09.30"]
[SourceQuality "1"]

1. Nf3 d5 2. d4 Nf6 3. Bf4 c5 4. c3 Nc6 5. e3 Qb6 6. Qb3 c4 7. Qc2 Bf5 8. Qc1 e6 9. h3 h6 10. Be2 Be7 11. 0-0 0-0 12. Nbd2 Rfc8 13. Bd1 Bd3 14. Re1 Ne4 15. Bc2 Qa6 16. Bxd3 cxd3 17. a3 f5 18. Rd1 Na5 19. Qb1 g5 20. Be5 g4 21. hxg4 fxg4 22. Nxe4 dxe4 23. Nd2 Qc6 24. Qa2 b5 25. Nxe4 Nc4 26. Nf6+ Bxf6 27. Bxf6 Rf8 28. Bh4 Qe4 29. b3 g3 30. Bxg3 Nd6 31. Bxd6 Rf5 32. Qd2 Rg5 33. Bg3 Rf8 34. Qxd3 Qg4 35. Ra2 h5 36. Qe2 Qe4 37. f3 Qg6 38. Bf4 Rgf5 39. Qf2 Kf7 40. Qg3 Qh7 41. Bg5 Rg8 42. f4 Rd5 43. c4 bxc4 44. bxc4 Ra5 45. Rb2 Qe4 46. Qf3 Qxf3 47. gxf3 Kg6 48. Rb3 Kf5 49. Rdb1 h4 50. Rb5+ Rxb5 51. Rxb5+ Kg6 52. Bxh4 Rc8 53. c5 Kf5 54. Bg5 e5 55. e4+ Kg6 56. dxe5 Kh5 57. Kf2 a5 58. Rb6 Rh8 59. Rf6 a4 60. c6 Rh7 61. c7 Rh8 62. c8Q 1-0

[Event "San Francisco TNM Fall op"]
[Site "San Francisco"]
[Date "2017.12.12"]
[Round "8"]
[White "Diaz, Conrado"]
[Black "Whitehead, Paul A"]
[Result "1/2-1/2"]
[WhiteElo "2261"]
[BlackElo "2315"]
[PlyCount "32"]
[EventDate "2017.10.24"]
[EventType "swiss"]
[EventRounds "9"]
[EventCountry "USA"]
[SourceTitle "EXT 2023"]
[Source "ChessBase"]
[SourceDate "2022.10.05"]
[SourceVersion "1"]
[SourceVersionDate "2022.10.05"]
[SourceQuality "1"]

1. d4 d6 2. Nf3 g6 3. c3 Bg7 4. Bg5 h6 5. Bh4 Nf6 6. Nbd2 Nbd7 7. e4 g5 8. Bg3 Nh5 9. Bc4 e6 10. Qe2 Qe7 11. Ng1 Nxg3 12. hxg3 Nb6 13. Bb3 e5 14. dxe5 Bxe5 15. Nc4 Nxc4 16. Bxc4 c6 1/2-1/2

[Event "San Francisco TNM Fall op"]
[Site "San Francisco"]
[Date "2017.12.05"]
[Round "7"]
[White "Diaz, Conrado"]
[Black "Winslow, Elliott C"]
[Result "1-0"]
[WhiteElo "2261"]
[BlackElo "2249"]
[PlyCount "87"]
[EventDate "2017.10.24"]
[EventType "swiss"]
[EventRounds "9"]
[EventCountry "USA"]
[SourceTitle "EXT 2023"]
[Source "ChessBase"]
[SourceDate "2022.10.05"]
[SourceVersion "1"]
[SourceVersionDate "2022.10.05"]
[SourceQuality "1"]

1. d4 Nf6 2. Nf3 g6 3. c3 Bg7 4. Bg5 Ne4 5. Bh4 c5 6. e3 d5 7. Nbd2 Qb6 8. Qb3 Nxd2 9. Nxd2 Nc6 10. Nf3 c4 11. Qc2 Bf5 12. Qc1 f6 13. Be2 0-0 14. 0-0 e5 15. Rd1 Bd3 16. Bf1 e4 17. Nd2 g5 18. Bg3 f5 19. f4 Bh6 20. Re1 Rae8 21. fxg5 Bxg5 22. b3 Bxe3+ 23. Rxe3 f4 24. Bxf4 Rxf4 25. Rg3+ Kh8 26. bxc4 Bxf1 27. Nxf1 Ref8 28. Ne3 Ne7 29. cxd5 h5 30. Rb1 Qh6 31. Qe1 b6 32. c4 Qf6 33. Rd1 Ng6 34. c5 h4 35. Rg4 Rxg4 36. Nxg4 Qg5 37. Qxe4 Rf4 38. Qe8+ Kg7 39. Ne5 Rxd4 40. Qf7+ Kh6 41. Rxd4 Nxe5 42. Qf8+ Kh7 43. Rf4 h3 44. Qf5+ 1-0

[Event "San Francisco Grey Memorial"]
[Site "San Francisco"]
[Date "2017.09.12"]
[Round "6"]
[White "Stearman, Josiah P"]
[Black "Diaz, Conrado"]
[Result "1-0"]
[WhiteElo "2171"]
[BlackElo "2234"]
[PlyCount "79"]
[EventDate "2017.08.08"]
[EventType "swiss"]
[EventRounds "9"]
[EventCountry "USA"]
[SourceTitle "EXT 2023"]
[Source "ChessBase"]
[SourceDate "2022.10.05"]
[SourceVersion "1"]
[SourceVersionDate "2022.10.05"]
[SourceQuality "1"]

1. e4 c5 2. Nc3 Nc6 3. g3 g6 4. Bg2 Bg7 5. d3 d6 6. Be3 Nd4 7. Qd2 Qa5 8. f4 e6 9. Nf3 Ne7 10. 0-0 Nec6 11. Qf2 0-0 12. Nd2 Bd7 13. Nc4 Qc7 14. e5 d5 15. Nd6 a6 16. Bxd5 exd5 17. Nxd5 Qb8 18. c3 Nf5 19. Bxc5 Nxd6 20. Bxd6 Qd8 21. Bxf8 Qxf8 22. Nb6 Rd8 23. Nxd7 Rxd7 24. d4 Qe7 25. g4 Qe6 26. f5 Qd5 27. Rae1 Nd8 28. Qf4 b5 29. e6 fxe6 30. fxe6 Re7 31. Re5 Qd6 32. Qf3 h6 33. Rd5 Qc7 34. Rc5 Qd6 35. Qa8 Bxd4+ 36. cxd4 Qxd4+ 37. Kg2 Qxc5 38. Qxd8+ Kh7 39. Rf7+ Rxf7 40. exf7 1-0

[Event "San Francisco TNM Summer op"]
[Site "San Francisco"]
[Date "2017.06.27"]
[Round "6"]
[White "Diaz, Conrado"]
[Black "Shakhnazarov, Oleg"]
[Result "1-0"]
[WhiteElo "2238"]
[BlackElo "2123"]
[PlyCount "73"]
[EventDate "2017.05.23"]
[EventType "swiss"]
[EventRounds "8"]
[EventCountry "USA"]
[SourceTitle "EXT 2023"]
[Source "ChessBase"]
[SourceDate "2022.10.05"]
[SourceVersion "1"]
[SourceVersionDate "2022.10.05"]
[SourceQuality "1"]

1. d4 e6 2. Nf3 Be7 3. e4 d6 4. Bd3 g5 5. h3 Nd7 6. Qe2 h6 7. Nbd2 c5 8. c3 a6 9. a4 Ngf6 10. e5 dxe5 11. dxe5 Nd5 12. g3 b6 13. Nc4 Bb7 14. Be4 Rb8 15. 0-0 Rg8 16. Rd1 Qc7 17. Nd6+ Kf8 18. Nxb7 Rxb7 19. c4 Nb4 20. Bxb7 Qxb7 21. b3 Rg6 22. Bb2 h5 23. Nh2 g4 24. hxg4 h4 25. gxh4 Bxh4 26. Qf3 Qc7 27. Qe4 Kg8 28. Nf3 Be7 29. Kg2 Nf8 30. Rh1 Nc6 31. Rh5 Bd8 32. Rah1 Qd7 33. g5 Ne7 34. Qh4 f5 35. exf6 Nf5 36. Rh8+ Kf7 37. Ne5+ 1-0

[Event "San Francisco TNM Spring op"]
[Site "San Francisco"]
[Date "2017.05.02"]
[Round "8"]
[White "Winslow, Elliott C"]
[Black "Diaz, Conrado"]
[Result "1-0"]
[WhiteElo "2222"]
[BlackElo "2269"]
[PlyCount "97"]
[EventDate "2017.03.14"]
[EventType "swiss"]
[EventRounds "8"]
[EventCountry "USA"]
[SourceTitle "EXT 2023"]
[Source "ChessBase"]
[SourceDate "2022.10.05"]
[SourceVersion "1"]
[SourceVersionDate "2022.10.05"]
[SourceQuality "1"]

1. e4 e6 2. d4 d5 3. Nd2 c5 4. Ngf3 Nc6 5. exd5 Qxd5 6. Bc4 Qd8 7. dxc5 Bxc5 8. Qe2 Nf6 9. Nb3 Bd6 10. Bg5 Qc7 11. 0-0-0 Bf4+ 12. Kb1 Bxg5 13. Nxg5 0-0 14. Nd4 Nxd4 15. Rxd4 Qc5 16. Nf3 Bd7 17. Qe5 Rfc8 18. Rhd1 Qxe5 19. Nxe5 Be8 20. f4 g6 21. g4 Kg7 22. Be2 h6 23. h4 Rc7 24. g5 hxg5 25. hxg5 Nd5 26. Bf3 Ne3 27. R1d2 Rac8 28. c3 b5 29. Rh2 a5 30. Be2 b4 31. c4 Bc6 32. Kc1 a4 33. Kd2 Nf5 34. Rd3 Be8 35. Rdh3 Kf8 36. Rh8+ Ke7 37. R2h7 Kd6 38. Rf8 Kc5 39. Bd3 Nd4 40. Bxg6 Rd8 41. Bd3 a3 42. bxa3 bxa3 43. g6 Rb7 44. gxf7 Rb2+ 45. Ke3 Nc2+ 46. Bxc2 Rxc2 47. Rxe8 Rc3+ 48. Ke2 Rc2+ 49. Kf3 1-0

[Event "San Francisco TNM Winter op"]
[Site "San Francisco"]
[Date "2017.01.31"]
[Round "5"]
[White "Winslow, Elliott C"]
[Black "Diaz, Conrado"]
[Result "0-1"]
[WhiteElo "2222"]
[BlackElo "2237"]
[PlyCount "78"]
[EventDate "2017.01.03"]
[EventType "swiss"]
[EventRounds "8"]
[EventCountry "USA"]
[SourceTitle "EXT 2018"]
[Source "ChessBase"]
[SourceDate "2017.10.13"]
[SourceVersion "1"]
[SourceVersionDate "2017.10.13"]
[SourceQuality "1"]

1. e4 d5 2. exd5 Qxd5 3. Nf3 Bg4 4. Be2 Bxf3 5. Bxf3 Qe6+ 6. Qe2 Qxe2+ 7. Kxe2 c6 8. b3 e6 9. Bb2 Nf6 10. d4 Be7 11. c4 0-0 12. Nd2 Rd8 13. g4 Na6 14. a3 Nc7 15. g5 Nfe8 16. h4 Nd6 17. Rad1 Nf5 18. Ne4 Rab8 19. Ng3 Nxg3+ 20. fxg3 b5 21. Bxc6 bxc4 22. b4 a5 23. Rc1 axb4 24. axb4 Bxb4 25. Rxc4 Bd6 26. Bc1 Bxg3 27. h5 Nd5 28. g6 hxg6 29. hxg6 fxg6 30. Rg1 Bh4 31. Rxg6 Bf6 32. Bxd5 exd5 33. Rc7 Bxd4 34. Bg5 Re8+ 35. Kd3 Be5 36. Rd7 Rb3+ 37. Kc2 Rb2+ 38. Kd3 Rf2 39. Rxd5 Kh7 0-1

[Event "Titled Tuesday intern op 3rd Jan 10am"]
[Site "Chess.com INT"]
[Date "2017.01.03"]
[Round "6"]
[White "Williams, Simon Kim"]
[Black "Diaz, Conrado"]
[Result "1-0"]
[WhiteElo "2440"]
[BlackElo "2237"]
[PlyCount "121"]
[EventDate "2017.01.03"]
[EventType "swiss (blitz)"]
[EventRounds "9"]
[EventCountry "USA"]
[SourceTitle "EXT 2021"]
[Source "ChessBase"]
[SourceDate "2020.10.23"]
[SourceVersion "1"]
[SourceVersionDate "2020.10.23"]
[SourceQuality "1"]

1. e4 d5 2. exd5 Qxd5 3. Nc3 Qa5 4. Bc4 Nf6 5. d3 c6 6. Bd2 Qd8 7. Qe2 g6 8. h4 Bg7 9. Nf3 Bg4 10. Bxf7+ Kxf7 11. Ne5+ Ke8 12. Nxg4 Nxg4 13. Qxg4 Qd7 14. Qe2 Qf5 15. 0-0-0 Nd7 16. Rde1 e5 17. g4 Qf7 18. h5 Kd8 19. Kb1 Kc7 20. h6 Bf6 21. f4 Rae8 22. Ne4 Re6 23. f5 gxf5 24. gxf5 Re7 25. Reg1 Ree8 26. Bb4 c5 27. Nxc5 Nxc5 28. Bxc5 Qd5 29. Ba3 e4 30. dxe4 Rxe4 31. Qd3 Qxd3 32. cxd3 Re2 33. Rc1+ Kd7 34. Rc2 Rhe8 35. d4 Re1+ 36. Rc1 R1e2 37. Bb4 Bxd4 38. Bc3 Bxc3 39. bxc3 R8e5 40. Rc2 Rxc2 41. Kxc2 Rxf5 42. Rg1 Rf7 43. Kd3 Ke6 44. Ke4 Rf6 45. Rg7 Rxh6 46. Rxb7 Rh4+ 47. Kd3 Ra4 48. Rb2 h5 49. c4 Ke5 50. Re2+ Kf4 51. c5 h4 52. c6 Ra6 53. Rc2 Ra3+ 54. Kd4 Ra4+ 55. Kd5 Ra5+ 56. Kd6 Ra6 57. Kd7 h3 58. c7 Rh6 59. c8Q h2 60. Qf8+ Kg3 61. Qxh6 1-0

[Event "American op 51st"]
[Site "Orange"]
[Date "2015.11.29"]
[Round "8"]
[White "Diaz, Conrado"]
[Black "Wang, Annie"]
[Result "1/2-1/2"]
[WhiteElo "2259"]
[BlackElo "2087"]
[PlyCount "83"]
[EventDate "2015.11.26"]
[EventType "swiss"]
[EventRounds "8"]
[EventCountry "USA"]
[SourceTitle "EXT 2017"]
[Source "ChessBase"]
[SourceDate "2016.10.25"]
[SourceVersion "1"]
[SourceVersionDate "2016.10.25"]
[SourceQuality "1"]

1. d4 e6 2. Nf3 Nf6 3. c3 Be7 4. Bf4 0-0 5. h3 b6 6. Nbd2 Bb7 7. Qb1 d5 8. e3 c5 9. Bd3 Bd6 10. Ne5 Ba6 11. 0-0 Bxd3 12. Qxd3 Qc7 13. Bh2 Nbd7 14. f4 Rab8 15. a4 c4 16. Qc2 b5 17. axb5 Rxb5 18. Ra2 Rfb8 19. Bg3 R8b6 20. Bh4 Qb7 21. Rb1 Bf8 22. Kh2 Qb8 23. Be1 Nxe5 24. fxe5 Nd7 25. Bg3 Be7 26. e4 Qb7 27. exd5 exd5 28. Nf3 Rb3 29. Bf4 Nf8 30. Bc1 Ne6 31. Rba1 a6 32. Qf2 Nc7 33. Ra5 h6 34. Nd2 R3b5 35. Nf3 Rb3 36. R1a2 Qc8 37. Qc2 Qd8 38. Qf5 Rg6 39. R5a4 Rb8 40. Ra5 Rgb6 41. R5a4 Qe8 42. Ra5 1/2-1/2

[Event "American op 51st"]
[Site "Orange"]
[Date "2015.11.28"]
[Round "5"]
[White "Diaz, Conrado"]
[Black "Matamoros Franco, Carlos S"]
[Result "1/2-1/2"]
[WhiteElo "2259"]
[BlackElo "2539"]
[PlyCount "82"]
[EventDate "2015.11.26"]
[EventType "swiss"]
[EventRounds "8"]
[EventCountry "USA"]
[SourceTitle "EXT 2017"]
[Source "ChessBase"]
[SourceDate "2016.10.25"]
[SourceVersion "1"]
[SourceVersionDate "2016.10.25"]
[SourceQuality "1"]

1. d4 Nf6 2. c3 g6 3. Nf3 Bg7 4. Bg5 d6 5. Nbd2 h6 6. Bh4 0-0 7. e4 c5 8. dxc5 dxc5 9. Bc4 Nh5 10. 0-0 Nc6 11. Re1 Qc7 12. Qc2 b6 13. Nb3 Bg4 14. Bg3 Nxg3 15. hxg3 Rad8 16. Rad1 Bc8 17. Qe2 Bb7 18. a3 e6 19. Ba6 Ba8 20. Bd3 g5 21. Bc2 Ne7 22. Nbd2 Ng6 23. Nf1 Rxd1 24. Rxd1 Rd8 25. Rxd8+ Qxd8 26. Qa6 Qb8 27. a4 Bb7 28. Qe2 Bc6 29. Qa6 Qb7 30. Qd3 Qd7 31. Qxd7 Bxd7 32. Ne3 Kf8 33. Nc4 g4 34. Nfd2 Ke7 35. Nb1 Ne5 36. Nba3 h5 37. Kf1 Bc6 38. Ke2 Bb7 39. Nxe5 Bxe5 40. Nc4 Ba6 41. Bd3 Bxc4 1/2-1/2

[Event "Titled Tuesday intern op 3rd Nov"]
[Site "Chess.com INT"]
[Date "2015.11.03"]
[Round "8"]
[White "Diaz, Conrado"]
[Black "Shaposhnikov, Evgeny"]
[Result "1/2-1/2"]
[WhiteElo "2259"]
[BlackElo "2539"]
[PlyCount "196"]
[EventDate "2015.11.03"]
[EventType "swiss (blitz)"]
[EventRounds "9"]
[EventCountry "USA"]
[SourceTitle "EXT 2021"]
[Source "ChessBase"]
[SourceDate "2020.10.23"]
[SourceVersion "1"]
[SourceVersionDate "2020.10.23"]
[SourceQuality "1"]

1. d4 Nf6 2. Nf3 e6 3. Bf4 c5 4. e3 b6 5. Nbd2 Bb7 6. Nc4 Ne4 7. Bd3 cxd4 8. exd4 d5 9. Nce5 Nd6 10. c3 Be7 11. Qa4+ Nd7 12. 0-0 a6 13. Nxd7 Qxd7 14. Qc2 h6 15. a4 0-0 16. Ne5 Qd8 17. Rfe1 Rc8 18. Qe2 Bg5 19. Bxg5 Qxg5 20. Nd7 Rfd8 21. Nxb6 Rc6 22. a5 Nc4 23. Nxc4 dxc4 24. Be4 Rc7 25. Bxb7 Rxb7 26. Qxc4 Rxb2 27. Qxa6 Qd2 28. Rf1 Qxc3 29. Qa7 Qxd4 30. Qxd4 Rxd4 31. a6 Rd8 32. a7 Ra8 33. Ra3 Rb7 34. Rfa1 Kf8 35. g3 Ke7 36. Ra6 Kd7 37. h4 Kc7 38. Rc1+ Kd7 39. Rd1+ Kc7 40. Rda1 Rb6 41. R6a2 Kb7 42. Kg2 h5 43. Ra3 Rb5 44. R1a2 Kb6 45. Kf3 Rb4 46. Ra5 g6 47. R2a3 Kb7 48. Ra6 Rc4 49. R6a5 Rb4 50. Ra1 Kb6 51. R5a2 Kb7 52. Rd2 Rc4 53. Rd7+ Rc7 54. Rd2 Rxa7 55. Rb2+ Ka8 56. Rd1 Rd7 57. Rdb1 Ra4 58. Rb8+ Ka7 59. R1b3 Ra5 60. Kg2 Ra4 61. R8b5 Ra6 62. Rb2 Ra4 63. R5b3 Ka6 64. Rb8 Ka7 65. R8b5 Ra3 66. R5b4 Ra5 67. Rb8 Rc7 68. R8b4 Ra3 69. Rb5 Ra1 70. Rb8 Ra6 71. R8b3 Rac6 72. Ra3+ Ra6 73. Rab3 Rd7 74. Rb8 e5 75. R8b4 Re7 76. Kf3 f5 77. Kg2 e4 78. Rb8 Ra5 79. R8b3 Ra4 80. Rb6 Ra6 81. Rb8 Rae6 82. R8b3 Ra6 83. Rb8 Ra4 84. R8b3 Re6 85. Rb7+ Ka6 86. Rb8 Ka7 87. R2b7+ Ka6 88. Rb3 Ka7 89. R8b7+ Ka6 90. Rb8 Ka7 91. R3b7+ Ka6 92. Rb2 Ka7 93. R8b7+ Ka8 94. Rb8+ Ka7 95. R8b7+ Ka6 96. Rb8 Ka7 97. R8b7+ Ka8 98. Rb8+ Ka7 1/2-1/2

[Event "Titled Tuesday intern op 3rd Nov"]
[Site "Chess.com INT"]
[Date "2015.11.03"]
[Round "7"]
[White "Vovk, Andrey"]
[Black "Diaz, Conrado"]
[Result "0-1"]
[WhiteElo "2617"]
[BlackElo "2259"]
[PlyCount "80"]
[EventDate "2015.11.03"]
[EventType "swiss (blitz)"]
[EventRounds "9"]
[EventCountry "USA"]
[SourceTitle "EXT 2021"]
[Source "ChessBase"]
[SourceDate "2020.10.23"]
[SourceVersion "1"]
[SourceVersionDate "2020.10.23"]
[SourceQuality "1"]

1. e4 d5 2. exd5 Qxd5 3. Nc3 Qa5 4. Bc4 Nf6 5. Nf3 c6 6. d4 Bf5 7. Bd2 e6 8. 0-0 Nbd7 9. Qe2 Bb4 10. a3 Bxc3 11. Bxc3 Qc7 12. Ne5 0-0 13. Rad1 Nxe5 14. dxe5 Nd5 15. Be1 a5 16. c3 Rfd8 17. f4 Nb6 18. Bh4 Rxd1 19. Rxd1 Nxc4 20. Qxc4 Qb6+ 21. Kh1 Qxb2 22. h3 Qc2 23. Qd4 h5 24. Kh2 c5 25. Qd7 Be4 26. Rd2 Qxc3 27. Rd1 Qxa3 28. f5 Bxf5 29. Qxb7 Re8 30. Qb5 Rc8 31. Qb7 Rf8 32. Be7 Qa4 33. Rd7 Qf4+ 34. Kg1 Be4 35. Qb2 Re8 36. Bxc5 Bd5 37. Ra7 a4 38. Bb4 Rc8 39. Bd2 Qe4 40. Bg5 Rc2 0-1

[Event "Titled Tuesday intern op1 6th Oct"]
[Site "Chess.com INT"]
[Date "2015.10.06"]
[Round "3"]
[White "Diaz, Conrado"]
[Black "Bentivegna, Francesco"]
[Result "0-1"]
[WhiteElo "2259"]
[BlackElo "2243"]
[PlyCount "74"]
[EventDate "2015.10.06"]
[EventType "swiss (blitz)"]
[EventRounds "9"]
[EventCountry "USA"]
[SourceTitle "EXT 2021"]
[Source "ChessBase"]
[SourceDate "2020.10.23"]
[SourceVersion "1"]
[SourceVersionDate "2020.10.23"]
[SourceQuality "1"]

1. g3 e5 2. c4 Nc6 3. Bg2 Bc5 4. Nc3 d6 5. a3 a6 6. e3 Ba7 7. Nge2 Nge7 8. d4 0-0 9. h3 exd4 10. exd4 Nf5 11. Be3 Re8 12. Qd2 Nxe3 13. fxe3 Qg5 14. Nd5 Be6 15. 0-0 Bxd5 16. cxd5 Nxd4 17. Nxd4 Qxe3+ 18. Qxe3 Rxe3 19. Nf5 Rxg3+ 20. Kh2 Rb3 21. Rab1 Re8 22. Rfe1 Re5 23. Rxe5 dxe5 24. d6 cxd6 25. Nxd6 Bd4 26. Rc1 g6 27. Rc7 e4 28. Nxf7 e3 29. Bd5 Rxb2+ 30. Kg3 Kf8 31. Ng5 e2 32. Ne6+ Ke8 33. Nxd4 e1Q+ 34. Kf4 Rf2+ 35. Nf3 Qd2+ 36. Ke5 Rxf3 37. Bxf3 Qh2+ 0-1

[Event "Titled Tuesday intern op 6th Oct"]
[Site "Chess.com INT"]
[Date "2015.10.06"]
[Round "8"]
[White "Diaz, Conrado"]
[Black "Sevian, Samuel"]
[Result "1-0"]
[WhiteElo "2259"]
[BlackElo "2556"]
[PlyCount "59"]
[EventDate "2015.10.06"]
[EventType "swiss (blitz)"]
[EventRounds "9"]
[EventCountry "USA"]
[SourceTitle "EXT 2021"]
[Source "ChessBase"]
[SourceDate "2020.10.23"]
[SourceVersion "1"]
[SourceVersionDate "2020.10.23"]
[SourceQuality "1"]

1. d4 b5 2. Nf3 Bb7 3. Bf4 e6 4. Nbd2 Be7 5. e3 a6 6. Bd3 g5 7. Be5 f6 8. Nxg5 Kf8 9. Qh5 Qe8 10. Nxh7+ Rxh7 11. Qxh7 fxe5 12. Bg6 Nc6 13. Bxe8 Rxe8 14. c3 Bf6 15. Nf3 Re7 16. Qh3 e4 17. Nd2 d5 18. 0-0 Bg5 19. f4 Bf6 20. a4 b4 21. c4 Nd8 22. Rac1 c6 23. Nb3 dxc4 24. Rxc4 Bc8 25. Nc5 Rg7 26. Rxb4 Ne7 27. Rb8 Kg8 28. Rxc8 Nxc8 29. Nxe6 Rh7 30. Qg4+ 1-0

[Event "Titled Tuesday intern op 6th Oct"]
[Site "Chess.com INT"]
[Date "2015.10.06"]
[Round "6"]
[White "Dlugy, Maxim"]
[Black "Diaz, Conrado"]
[Result "0-1"]
[WhiteElo "2518"]
[BlackElo "2259"]
[PlyCount "90"]
[EventDate "2015.10.06"]
[EventType "swiss (blitz)"]
[EventRounds "9"]
[EventCountry "USA"]
[SourceTitle "EXT 2021"]
[Source "ChessBase"]
[SourceDate "2020.10.23"]
[SourceVersion "1"]
[SourceVersionDate "2020.10.23"]
[SourceQuality "1"]

1. d4 Nf6 2. Bf4 d5 3. e3 c5 4. dxc5 Nc6 5. Bb5 g6 6. Nf3 Bg7 7. 0-0 0-0 8. Bxc6 bxc6 9. Be5 Ba6 10. Re1 Ne4 11. Bxg7 Kxg7 12. b4 Rb8 13. a3 f6 14. Nfd2 Ng5 15. Nf3 Ne4 16. Nd4 Qd7 17. f3 Ng5 18. Nd2 e5 19. N4b3 Rbd8 20. c3 h5 21. f4 Nf7 22. Nf3 Rde8 23. Qd2 Qc7 24. Na5 Nh6 25. h3 Nf5 26. fxe5 fxe5 27. Rad1 Ng3 28. c4 Ne4 29. Qc2 Bc8 30. cxd5 cxd5 31. Rxd5 Bf5 32. Nh4 Qe7 33. Nxf5+ gxf5 34. Red1 Qh4 35. Nc4 Qg3 36. c6 Re6 37. Rd7+ Kh6 38. c7 Rc8 39. b5 Rg6 40. Nd6 Qxe3+ 41. Kh1 Nf2+ 42. Kg1 Nxd1+ 43. Kh1 Nf2+ 44. Kh2 Qg3+ 45. Kg1 Qxg2# 0-1

[Event "Titled Tuesday intern op 6th Oct"]
[Site "Chess.com INT"]
[Date "2015.10.06"]
[Round "1"]
[White "Makarenko, Alexandra"]
[Black "Diaz, Conrado"]
[Result "0-1"]
[WhiteElo "2252"]
[BlackElo "2259"]
[PlyCount "108"]
[EventDate "2015.10.06"]
[EventType "swiss (blitz)"]
[EventRounds "9"]
[EventCountry "USA"]
[SourceTitle "EXT 2021"]
[Source "ChessBase"]
[SourceDate "2020.10.23"]
[SourceVersion "1"]
[SourceVersionDate "2020.10.23"]
[SourceQuality "1"]

1. e4 d5 2. exd5 Qxd5 3. Nc3 Qa5 4. Nf3 Nf6 5. d4 c6 6. Bc4 Bf5 7. Ne5 e6 8. g4 Be4 9. f3 Bd5 10. Be2 Bb4 11. Bd2 Nbd7 12. Nxd7 Nxd7 13. a3 Bxc3 14. Bxc3 Qc7 15. 0-0 Qf4 16. Be1 h5 17. Bg3 Qh6 18. Qc1 hxg4 19. Qxh6 Rxh6 20. fxg4 g5 21. Bd3 c5 22. dxc5 Nxc5 23. Bb5+ Bc6 24. Bxc6+ bxc6 25. Rad1 Ne4 26. Bc7 Rc8 27. Ba5 Rh4 28. Rd3 Rxg4+ 29. Kh1 f5 30. Be1 Ke7 31. h3 Rh8 32. Kh2 Rf4 33. Rxf4 gxf4 34. Bb4+ c5 35. Be1 Ng5 36. h4 Ne4 37. b4 cxb4 38. axb4 Rc8 39. c3 a6 40. Kg2 Nf6 41. Kf3 e5 42. Rd1 Ke6 43. Bf2 Rxc3+ 44. Ke2 Ra3 45. Bc5 Ne4 46. Bf8 Ra2+ 47. Kf1 Rh2 48. Kg1 Rxh4 49. Ra1 Rg4+ 50. Kf1 f3 51. Rxa6+ Kd5 52. Bh6 f2 53. Ke2 Rg1 54. Ra5+ Kc6 0-1

[Event "Titled Tuesday intern op 6th Oct"]
[Site "Chess.com INT"]
[Date "2015.10.06"]
[Round "7"]
[White "Wirig, Anthony"]
[Black "Diaz, Conrado"]
[Result "1/2-1/2"]
[WhiteElo "2510"]
[BlackElo "2259"]
[PlyCount "119"]
[EventDate "2015.10.06"]
[EventType "swiss (blitz)"]
[EventRounds "9"]
[EventCountry "USA"]
[SourceTitle "EXT 2021"]
[Source "ChessBase"]
[SourceDate "2020.10.23"]
[SourceVersion "1"]
[SourceVersionDate "2020.10.23"]
[SourceQuality "1"]

1. d4 Nf6 2. Nf3 d5 3. Bf4 c5 4. e3 Qb6 5. Qc1 Nc6 6. c3 Bf5 7. Nbd2 e6 8. Be2 Be7 9. Nh4 Be4 10. Nhf3 Bf5 11. h3 h6 12. 0-0 0-0 13. Nb3 Nd7 14. dxc5 Nxc5 15. Nxc5 Bxc5 16. Qd2 Rfe8 17. Ne5 Nxe5 18. Bxe5 Bd6 19. Bxd6 Qxd6 20. Rfd1 Qc5 21. Rac1 Red8 22. Bf3 Rac8 23. h4 b6 24. g3 a5 25. a3 b5 26. Be2 Be4 27. Qd4 Qxd4 28. cxd4 b4 29. f3 Bg6 30. Kf2 Bc2 31. Rd2 Bb3 32. Ra1 bxa3 33. Rxa3 a4 34. Bb5 Ra8 35. e4 Ra5 36. Be2 Rc8 37. Ke3 Rc1 38. Rd3 Rb5 39. Rc3 Rxc3+ 40. bxc3 Rb8 41. e5 g6 42. f4 h5 43. Kd2 Kf8 44. Bd3 Rc8 45. Bb5 Ra8 46. Bd3 Rc8 47. Bc2 Rb8 48. Bxb3 axb3 49. Kc1 b2+ 50. Kb1 Ke7 51. Ra7+ Kf8 52. Ra3 Ke7 53. Ra2 Rb3 54. Ra7+ Kf8 55. Rc7 Ke8 56. Rc8+ Kd7 57. Rc5 Ke8 58. Rc8+ Kd7 59. Rc5 Ke8 60. Rc8+ 1/2-1/2

[Event "Titled Tuesday intern op 7th July"]
[Site "Chess.com INT"]
[Date "2015.07.07"]
[Round "7"]
[White "Diaz, Conrado"]
[Black "Homa, Seth"]
[Result "1-0"]
[WhiteElo "2259"]
[BlackElo "2365"]
[PlyCount "49"]
[EventDate "2015.07.07"]
[EventType "swiss (blitz)"]
[EventRounds "9"]
[EventCountry "USA"]
[SourceTitle "EXT 2021"]
[Source "ChessBase"]
[SourceDate "2020.10.23"]
[SourceVersion "1"]
[SourceVersionDate "2020.10.23"]
[SourceQuality "1"]

1. d4 Nf6 2. Nf3 d6 3. c3 g6 4. Bg5 Bg7 5. Nbd2 0-0 6. e3 c5 7. Bc4 Nc6 8. 0-0 b6 9. Qe2 Bb7 10. h3 Rc8 11. a4 Qc7 12. Ba6 Rfe8 13. Bf4 Nd5 14. Bh2 e5 15. dxe5 dxe5 16. Rfd1 Rcd8 17. Bxb7 Qxb7 18. Nc4 Qc7 19. Rd2 f6 20. Rad1 Nde7 21. Nd6 Rxd6 22. Rxd6 Nd4 23. Qc4+ Kf8 24. R6xd4 exd4 25. Bxc7 1-0